[Event "Me concede a REVANCHE?"]
[Site "http://www.queenalice.com/game.php?id=1111014"]
[Date "2012.10.10"]
[Round "-"]
[White "Vladimir"]
[Black "rnruiz"]
[Result "0-1"]
[WhiteElo "1811"]
[BlackElo "1956"]

1. d4 d5 2. c4 e6 3. Nc3 Nf6 4. Bg5 Be7 5. Nf3 Nc6 6. c5 a6 7. e3 h6 8. Bxf6
Bxf6 9. Bd3 O-O 10. O-O e5 11. dxe5 Nxe5 12. Nxe5 Bxe5 13. b4 Bxc3 14. Rb1 Qf6
15. Qc2 d4 16. exd4 Bxd4 17. Rbd1 Be5 18. a3 Qh4 19. Rfe1 Qxh2+ 20. Kf1 Qh1+ 21.
Ke2 Bg4+ 22. f3 Qxg2+ 23. Ke3 Qxf3+ 24. Kd2 Qf4+ 25. Re3 Bxd1 26. Qxd1 Bd4 0-1

[Event "Challenge"]
[Site "http://www.queenalice.com/game.php?id=1114003"]
[Date "2012.10.19"]
[Round "-"]
[White "jujuju"]
[Black "rnruiz"]
[Result "1-0"]
[WhiteElo "2217"]
[BlackElo "2009"]

1. d4 d5 2. c4 e6 3. Nc3 Nf6 4. Nf3 h6 5. Be3 Nc6 6. cxd5 Nxd5 7. Bd2 Be7 8. e3
O-O 9. Bd3 Ncb4 10. Bc4 a6 11. a3 Nc6 12. O-O b5 13. Bd3 Bb7 14. Nxd5 Qxd5 15.
e4 Qd7 16. Be3 Bd6 17. e5 Be7 18. b4 f6 19. exf6 Bxf6 20. Be4 Rab8 21. Bxc6 Bxc6
22. Ne5 Qd5 23. Nxc6 Qxc6 24. Rc1 Qd7 25. Bf4 Rb7 26. Re1 c6 27. Qe2 Re8 28. Be5
Bg5 29. f4 Bd8 30. Qe4 Qd5 31. Qxd5 cxd5 32. Rc6 Ra7 33. Rec1 Ra8 34. Rc8 Be7
35. Rxe8+ Rxe8 36. Rc6 Bf6 37. g3 Bd8 38. Rxa6 Re7 39. Ra8 Re8 40. Rb8 Rf8 41.
Rxb5 Re8 42. Rb8 Kf8 43. Bd6+ Be7 44. Bxe7+ Kxe7 45. Rxe8+ Kxe8 46. Kf2 Kd7 47.
Ke3 Kc6 48. Kd3 Kb5 49. Kc3 Ka4 50. Kb2 g6 51. h3 h5 52. h4 Kb5 53. Kb3 Kc6 54.
a4 Kb6 55. b5 Ka5 56. Ka3 Kb6 57. Kb4 Kc7 58. Kc5 Kb7 59. a5 Kc7 60. b6+ Kb7 61.
Kb5 Kb8 62. Kc6 Kc8 63. a6 Kb8 64. b7 Ka7 65. Kc7 Kxa6 66. b8=Q Ka5 67. Qb3 e5
68. fxe5 g5 69. hxg5 h4 70. gxh4 1-0

[Event "Challenge"]
[Site "http://www.queenalice.com/game.php?id=1122767"]
[Date "2012.11.16"]
[Round "-"]
[White "AlekinePb"]
[Black "rnruiz"]
[Result "0-1"]
[WhiteElo "1954"]
[BlackElo "1998"]

1. d4 d5 2. Nf3 e6 3. Bg5 Be7 4. Bxe7 Qxe7 5. e3 Nf6 6. c4 O-O 7. Nc3 Qb4 8. Bd3
Qxb2 9. Qc1 Qb4 10. O-O dxc4 11. Rb1 Qe7 12. Bxc4 c6 13. Bd3 Nbd7 14. Ne4 Nxe4
15. Bxe4 Nf6 16. Bd3 h6 17. Ne5 Nd7 18. f4 Nxe5 19. dxe5 c5 20. Be4 Rb8 21. Rb2
b6 22. g4 Qh4 23. Bf3 Bb7 24. Bxb7 Rxb7 25. Rg2 Rd8 26. Rf3 Rbd7 27. Rf1 Rc7 28.
Rf3 c4 29. Rfg3 Qe7 30. g5 hxg5 31. Rxg5 f6 32. exf6 Qxf6 33. Rg6 Qf5 34. Qc3 e5
35. fxe5 Rd1+ 0-1

[Event "Challenge"]
[Site "http://www.queenalice.com/game.php?id=1124219"]
[Date "2012.11.20"]
[Round "-"]
[White "lincolnmarley"]
[Black "rnruiz"]
[Result "1/2-1/2"]
[WhiteElo "1698"]
[BlackElo "2052"]

1. e4 e5 2. Nf3 d6 3. d4 Nc6 4. Bb5 Bd7 5. O-O Be7 6. h3 h6 7. Re1 Nf6 8. Nc3
O-O 9. Bf1 a6 10. Be3 Re8 11. a3 Bf8 12. dxe5 Nxe5 13. Bd4 c5 14. Nxe5 dxe5 15.
Be3 Qc7 16. f3 Rad8 17. Qe2 c4 18. Qxc4 Qxc4 19. Bxc4 b5 20. Ba2 Rc8 21. Rad1
Bc6 22. Nd5 Bxd5 23. exd5 Bc5 24. Bxc5 Rxc5 25. d6 Rd8 26. Rd2 Kf8 27. Kf2 Nd7
28. Red1 f6 29. b4 Rc3 30. Be6 Rxa3 31. Bxd7 Rxd7 32. Rd3 Ra4 33. c3 Ra2+ 34.
R1d2 Ra3 35. g4 g5 36. Ke3 Kf7 37. Ke4 Ke6 38. Rc2 Ra1 39. Rh2 Re1+ 40. Re3
Rxe3+ 41. Kxe3 Rxd6 42. Rd2 Rc6 43. Rd3 Rc4 44. Ke2 Rc6 45. Ke3 Rc4 46. Ke2 f5
47. gxf5+ Kxf5 48. Ke3 h5 49. Kf2 Kf4 50. Re3 g4 51. hxg4 hxg4 52. fxg4 Kxg4 53.
Rxe5 Rxc3 54. Re6 Ra3 55. Ke2 Kf5 56. Re7 Kf6 57. Re3 Ra4 58. Rb3 Ke5 59. Kd3
Kd5 60. Kc3 Ke4 61. Rb2 Ra3+ 62. Rb3 Ra1 63. Kb2 Ra4 64. Kc3 Kd5 65. Rb2 Ra1 66.
Rd2+ Ke4 67. Rd6 Ke5 68. Rd2 Ke4 69. Kb2 Ra4 70. Kb3 Ke3 71. Rd6 Ra1 72. Rd5 Ke4
73. Rd2 Ke3 74. Rd6 Ra4 75. Rd5 Ke4 76. Rd2 a5 77. bxa5 Rxa5 78. Kb4 Ra8 79.
Kxb5 Rb8+ 80. Kc6 Rc8+ 81. Kb7 Rh8 82. Rd1 Ke5 83. Kb6 Rh6+ 84. Kc5 Ke4 85. Rd8
Rh5+ 1/2-1/2

[Event "Challenge"]
[Site "http://www.queenalice.com/game.php?id=1124220"]
[Date "2012.11.20"]
[Round "-"]
[White "lincolnmarley"]
[Black "rnruiz"]
[Result "0-1"]
[WhiteElo "1789"]
[BlackElo "2033"]

1. e4 e5 2. Nf3 d6 3. d4 Nc6 4. Bb5 Bd7 5. O-O Nf6 6. Nc3 Be7 7. Re1 O-O 8. h3
h6 9. Bf1 a6 10. Be3 b5 11. a3 Re8 12. dxe5 Nxe5 13. Bd4 Nc4 14. Bxc4 bxc4 15.
Nd2 Bb5 16. Qe2 c5 17. Be3 d5 18. exd5 Nxd5 19. Nxc4 Nxc3 20. bxc3 Bf6 21. Rab1
Bxc3 22. Red1 Qf6 23. Rd6 Re6 24. Rbd1 Rae8 25. Kh1 Bd4 26. Rxe6 Qxe6 0-1

[Event "Challenge"]
[Site "http://www.queenalice.com/game.php?id=1124221"]
[Date "2012.11.20"]
[Round "-"]
[White "rnruiz"]
[Black "lincolnmarley"]
[Result "1/2-1/2"]
[WhiteElo "2047"]
[BlackElo "1753"]

1. e4 e5 2. Nf3 Nc6 3. Bb5 a6 4. Bxc6 dxc6 5. Nxe5 Qd4 6. Nf3 Qxe4+ 7. Kf1 Bg4
8. Nc3 Bxf3 9. gxf3 Qe6 10. Qe1 Qxe1+ 11. Kxe1 Nf6 12. Ne4 Be7 13. Nxf6+ Bxf6
14. Kf1 O-O 15. c3 Rae8 16. d4 Re7 17. Be3 Rfe8 18. Re1 Bg5 19. Kg2 Bxe3 20.
fxe3 Rxe3 21. Rxe3 Rxe3 22. Kf2 Re7 23. f4 g6 24. h4 f5 25. Kf3 Kg7 26. Rg1 b5
27. h5 a5 28. hxg6 hxg6 29. Rh1 Re8 30. Rh2 Rh8 31. Rg2 Rh3+ 32. Ke2 Kh6 33. Kd2
Rf3 34. Rh2+ Kg7 35. Rh4 Kf6 36. Ke2 Rg3 37. Rh2 g5 38. fxg5+ Kxg5 39. Kf2 Kg4
40. Rh7 Rh3 41. Rg7+ Kf4 42. Kg2 Rd3 43. Rxc7 Rd2+ 44. Kf1 Rxb2 45. Rxc6 Kf3 46.
Ke1 Rxa2 47. d5 Ke3 48. Kd1 Kd3 49. Ke1 Ke3 50. Kf1 Rd2 51. d6 a4 52. Ra6 Kf3
53. Ke1 Rd3 54. Rb6 Rxc3 55. Rxb5 Rd3 56. Rxf5+ Ke4 57. Ra5 Rxd6 58. Rxa4+ Rd4
59. Ra8 Ke3 60. Re8+ Re4 61. Rh8 Rb4 62. Rh3+ Kd4 63. Kd2 Rb2+ 64. Kc1 Rg2 65.
Kd1 1/2-1/2

[Event "Challenge"]
[Site "http://www.queenalice.com/game.php?id=1129468"]
[Date "2012.12.8"]
[Round "-"]
[White "rnruiz"]
[Black "jujuju"]
[Result "1-0"]
[WhiteElo "2040"]
[BlackElo "2256"]

1. e4 e5 2. Nf3 Nc6 3. Bb5 f5 4. d3 fxe4 5. dxe4 Nf6 6. O-O d6 7. Bxc6+ bxc6 8.
h3 Nxe4 9. Nbd2 Nxd2 10. Bxd2 Be7 11. c3 Bb7 12. Qb3 Qc8 13. Bg5 Bxg5 14. Nxg5
d5 15. c4 O-O 16. cxd5 cxd5 17. Ne4 Kh8 18. Nc5 Rb8 19. Qa4 Rf7 20. Qxa7 c6 21.
b4 Ra8 22. Qb6 Qc7 23. Qxc7 Rxc7 24. Ne6 Re7 25. Nc5 Ba6 26. Rfe1 e4 27. a3 Bc4
28. f3 e3 29. g3 g5 30. Kg2 h5 31. a4 Kg7 32. Ra3 e2 33. Kf2 Kf6 34. Re3 Rxe3
35. Kxe3 Re8+ 36. Kf2 d4 37. Nd7+ Kf5 38. g4+ hxg4 39. hxg4+ Kf4 40. Nf6 Re3 41.
Nh5+ Ke5 42. Ng3 Kf4 43. Nxe2+ Bxe2 44. Rxe2 Rxe2+ 45. Kxe2 Ke5 46. a5 1-0

[Event "Challenge"]
[Site "http://www.queenalice.com/game.php?id=1154964"]
[Date "2013.2.23"]
[Round "-"]
[White "PROFILER"]
[Black "rnruiz"]
[Result "1-0"]
[WhiteElo "2154"]
[BlackElo "2011"]

1. d4 d5 2. e3 Nf6 3. Bd3 e6 4. Nd2 Nc6 5. f4 Bb4 6. c3 Ba5 7. Ngf3 O-O 8. O-O
h6 9. Ne5 Nxe5 10. fxe5 Nh7 11. Qc2 Ng5 12. Nf3 c6 13. Nxg5 Qxg5 14. e4 Qh4 15.
Be3 Bc7 16. Rf3 f6 17. Rh3 Qg4 18. Bxh6 gxh6 19. Rg3 Qxg3 20. hxg3 f5 21. Rf1
dxe4 22. Bc4 b5 23. Bb3 a5 24. Qe2 Kh7 25. Rf4 Bd8 26. g4 Bg5 27. Rf1 Bd7 28.
gxf5 exf5 29. g4 a4 30. Bc2 Be6 31. gxf5 Bd5 32. Bxe4 Bxa2 33. f6+ Kh8 34. Qf3
Bc4 35. Qf5 Ra7 36. Bxc6 Bxf1 37. Kxf1 a3 38. bxa3 Rxa3 39. Be4 Ra7 40. d5 Ra1+
41. Kg2 Rc1 42. Qh7# 1-0

[Event "Challenge"]
[Site "http://www.queenalice.com/game.php?id=1154968"]
[Date "2013.2.23"]
[Round "-"]
[White "rnruiz"]
[Black "PROFILER"]
[Result "0-1"]
[WhiteElo "2004"]
[BlackElo "2203"]

1. e4 e5 2. Nf3 Nc6 3. Bb5 f5 4. d3 fxe4 5. dxe4 Nf6 6. Nc3 Bb4 7. O-O Bxc3 8.
Bxc6 Qe7 9. Bd5 Ba5 10. Bd2 Nxd5 11. exd5 Bb6 12. Bg5 Qc5 13. Nxe5 O-O 14. Be3
Qe7 15. Bxb6 axb6 16. Nf3 d6 17. Re1 Qf6 18. b3 Bg4 19. Re3 Rae8 20. Rxe8 Rxe8
21. h3 Bxf3 22. gxf3 Re5 23. Kf1 Qf5 24. Kg2 Rxd5 25. Qh1 Qg5+ 26. Kh2 Rd2 27.
Rf1 Rxc2 28. Qg2 Qxg2+ 29. Kxg2 Rxa2 30. Rb1 d5 31. f4 c5 32. Kf3 d4 33. h4 Kf7
34. Kg3 d3 35. Kf3 b5 36. Ke3 d2 37. Ke2 Kf6 38. Rd1 Kf5 39. Kf3 c4 40. bxc4
bxc4 41. Ke3 Rb2 42. Kd4 Rc2 43. Ke3 c3 44. Kd3 Rc1 45. Ke2 Rxd1 46. Kxd1 Kxf4
47. h5 b5 48. h6 gxh6 49. f3 Kxf3 50. Kc2 Ke2 0-1

[Event "Challenge"]
[Site "http://www.queenalice.com/game.php?id=1154980"]
[Date "2013.2.23"]
[Round "-"]
[White "rnruiz"]
[Black "PROFILER"]
[Result "1-0"]
[WhiteElo "1978"]
[BlackElo "2218"]

1. e4 e5 2. Nf3 Nc6 3. Bb5 a6 4. Bxc6 dxc6 5. d3 Bd6 6. Bg5 f6 7. Bh4 Ne7 8. O-O
g5 9. Bg3 Bg4 10. h3 Bh5 11. Nbd2 Ng6 12. a3 Nf4 13. Bxf4 gxf4 14. c3 Bf7 15.
Nh4 Qd7 16. Nf5 h5 17. Nf3 O-O-O 18. Qe2 Be6 19. N3h4 Rdg8 20. f3 Rg5 21. b4
Rhg8 22. Kh1 Bxf5 23. exf5 Rg3 24. Ra2 Bf8 25. Qe4 Qd5 26. c4 Qxe4 27. dxe4 R8g7
28. Rd2 Rd7 29. Rxd7 Kxd7 30. Ng6 Be7 31. Rd1+ Ke8 32. c5 Bf8 33. Nxf8 Kxf8 34.
Rd8+ Ke7 35. Rb8 Kd7 36. Rxb7 Kc8 37. Ra7 Rg7 38. Rxa6 Kb7 39. Ra5 Rd7 40. a4
Rd1+ 41. Kh2 Rb1 42. b5 Ra1 43. g4 hxg4 44. hxg4 cxb5 45. Rxb5+ Kc6 46. g5 fxg5
47. f6 Rd1 48. Ra5 Rd7 49. Kh3 Rf7 50. Kg4 1-0

[Event "Challenge"]
[Site "http://www.queenalice.com/game.php?id=1159691"]
[Date "2013.3.10"]
[Round "-"]
[White "AlekinePb"]
[Black "rnruiz"]
[Result "0-1"]
[WhiteElo "1922"]
[BlackElo "2035"]

1. d4 d5 2. Nf3 Nf6 3. c4 e6 4. Nc3 Nc6 5. Bg5 Be7 6. cxd5 exd5 7. e3 O-O 8. Bd3
h6 9. Bh4 Bg4 10. O-O a6 11. Be2 b5 12. Rc1 Qd7 13. Ne5 Nxe5 14. dxe5 Bxe2 15.
Nxe2 Nh7 16. Bxe7 Qxe7 17. Qxd5 Rfd8 18. Qc6 Qxe5 19. Qxc7 Qxb2 20. Rc2 Qf6 21.
Rfc1 Ng5 22. Nf4 Ne4 23. Qc6 Qxc6 24. Rxc6 a5 25. a3 b4 26. axb4 axb4 27. R6c4
b3 28. Rb4 Nd2 29. Ne2 Rab8 30. Rxb8 Rxb8 31. Nc3 b2 32. Rd1 b1=Q 33. Nxb1 Nxb1
34. h4 Nc3 35. Rd7 Ne4 36. f3 Nf6 37. Rc7 Nd5 38. Rd7 Nxe3 39. Kf2 Nf5 40. g3
Rb2+ 0-1

[Event "Challenge"]
[Site "http://www.queenalice.com/game.php?id=1164617"]
[Date "2013.3.25"]
[Round "-"]
[White "BAMATOS"]
[Black "rnruiz"]
[Result "0-1"]
[WhiteElo "1168"]
[BlackElo "2050"]

1. d4 d5 2. Nf3 Nc6 3. e3 Bg4 4. h3 Bh5 5. g4 Bg6 6. Nc3 e6 7. Bb5 Bb4 8. a3
Bxc3+ 9. bxc3 Ne7 10. a4 O-O 11. a5 a6 12. Ba4 Nxa5 0-1

[Event "Challenge"]
[Site "http://www.queenalice.com/game.php?id=1168334"]
[Date "2013.4.4"]
[Round "-"]
[White "vichid"]
[Black "rnruiz"]
[Result "0-1"]
[WhiteElo "1988"]
[BlackElo "2038"]

1. e4 e5 2. Nf3 d6 3. h3 Nf6 4. d3 h6 5. Nc3 Be7 6. Be2 Nc6 7. O-O O-O 8. Re1 a6
9. d4 exd4 10. Nxd4 Nxd4 11. Qxd4 c5 12. Qd3 Be6 13. Qg3 Kh8 14. Rd1 Nh7 15. f4
Bh4 16. Qd3 c4 17. Qxd6 Qxd6 18. Rxd6 b5 19. a3 Be7 20. Rd1 Rfd8 21. Be3 f6 22.
g4 Nf8 23. f5 Bf7 24. Bf3 Rxd1+ 25. Rxd1 Rd8 26. Rxd8 Bxd8 27. Nd5 Nd7 28. Bd4
Ne5 29. Kf2 Nxf3 30. Kxf3 Kg8 31. e5 Bxd5+ 0-1

[Event "Challenge"]
[Site "http://www.queenalice.com/game.php?id=1169813"]
[Date "2013.4.9"]
[Round "-"]
[White "tallos"]
[Black "rnruiz"]
[Result "1-0"]
[WhiteElo "2228"]
[BlackElo "2046"]

1. e4 e5 2. Nf3 d6 3. d4 exd4 4. Nxd4 Be7 5. c4 Nf6 6. Nc3 h6 7. Be2 O-O 8. O-O
c5 9. Nc2 Nc6 10. Be3 Ne5 11. h3 Be6 12. b3 Qd7 13. f4 Bxh3 14. fxe5 Bxg2 15.
Kxg2 Ne8 16. Bg4 Qc6 17. Nd5 Bd8 18. e6 fxe6 19. Bxe6+ Kh7 20. Rxf8 Nf6 21. Qf3
1-0

[Event "Challenge"]
[Site "http://www.queenalice.com/game.php?id=1169814"]
[Date "2013.4.9"]
[Round "-"]
[White "rnruiz"]
[Black "tallos"]
[Result "0-1"]
[WhiteElo "2037"]
[BlackElo "2230"]

1. e4 g6 2. d4 Bg7 3. Nf3 c6 4. Bd3 d5 5. e5 Nh6 6. O-O Bg4 7. Bxh6 Bxh6 8. h3
Bxf3 9. Qxf3 O-O 10. Rd1 f6 11. exf6 exf6 12. Qg3 Nd7 13. Bxg6 hxg6 14. Qxg6+
Bg7 15. Rd3 f5 16. Rg3 Qf6 17. c3 Qxg6 18. Rxg6 Kf7 19. Rg3 Rae8 20. Kf1 Nf6 21.
Nd2 Ne4 22. Nxe4 dxe4 23. Re1 Bh6 24. Re2 Bf4 25. Rf3 exf3 0-1

[Event "Challenge"]
[Site "http://www.queenalice.com/game.php?id=1173217"]
[Date "2013.4.19"]
[Round "-"]
[White "rnruiz"]
[Black "AlekinePb"]
[Result "0-1"]
[WhiteElo "2052"]
[BlackElo "1800"]

1. e4 c6 2. d4 d5 3. e5 Bf5 4. Bd3 Bxd3 5. Qxd3 e6 6. Nf3 c5 7. O-O Nc6 8. Nc3
cxd4 9. Nxd4 Nxe5 10. Qb5+ Qd7 11. Qe2 Nc6 12. Be3 Nf6 13. a3 Bd6 14. h3 e5 15.
Nxc6 bxc6 16. Bg5 Qe6 17. Bh4 O-O 18. Bg3 Nd7 19. b4 f5 20. f3 e4 21. Bxd6 Qxd6
22. fxe4 fxe4 23. Qd2 Qg3 24. Ne2 Qg6 25. Nf4 Qg3 26. Ne6 Rf6 27. Rxf6 Nxf6 28.
Nd4 Rc8 29. Nf5 Qe5 30. Rf1 Rf8 31. Nd4 e3 32. Qd3 Rc8 33. Nf3 Qe4 34. Qe2 d4
35. Ng5 Qd5 36. Nf3 c5 37. bxc5 Qxc5 38. Rc1 Ne4 39. Qd3 Ng3 40. Nxd4 Qxd4 41.
Qxd4 Ne2+ 42. Kf1 Nxd4 43. c3 Nf5 44. Ke2 Kf7 45. g4 Nd6 46. Kxe3 Nc4+ 47. Kd3
Nxa3 48. Rf1+ Kg6 49. Ra1 Rd8+ 50. Ke4 Re8+ 51. Kf3 Nb5 52. c4 Rf8+ 53. Kg2 Nd6
54. c5 Nb5 55. Ra6+ Rf6 56. Ra4 a6 57. Rc4 Rc6 58. Rc3 Nxc3 0-1

[Event "Challenge"]
[Site "http://www.queenalice.com/game.php?id=1180054"]
[Date "2013.5.9"]
[Round "-"]
[White "rnruiz"]
[Black "KLEOJ"]
[Result "0-1"]
[WhiteElo "2001"]
[BlackElo "2163"]

1. e4 e6 2. Nf3 d5 3. exd5 exd5 4. d4 Nf6 5. Bg5 Be7 6. Bb5+ c6 7. Be2 O-O 8.
O-O Bg4 9. h3 Bh5 10. c3 Nbd7 11. Nbd2 h6 12. Bh4 Re8 13. Re1 g5 14. Bg3 Bf8 15.
Ne5 Bxe2 16. Rxe2 Bg7 17. Ndf3 Ne4 18. Nxd7 Nxg3 19. Rxe8+ Qxe8 20. Nfe5 Ne4 21.
Qd3 f6 22. f3 fxe5 23. Nxe5 Nd6 24. Re1 Nc4 25. Re2 Bxe5 26. dxe5 Qe6 27. b3
Nxe5 28. Qd4 Re8 29. Kf1 Qf5 30. Qd2 Rf8 31. Kg1 h5 32. Rf2 Nd3 33. Rf1 Re8 34.
g4 hxg4 35. fxg4 Qg6 36. Qc2 Re3 37. Qh2 Nf4 38. c4 Nxh3+ 39. Kh1 Nf4 40. Kg1
Re2 41. Rf2 Qb1+ 42. Rf1 Qxf1+ 43. Kxf1 Rxh2 44. cxd5 Nxd5 45. a3 Rb2 46. b4 Rb3
47. b5 Rxb5 48. a4 Rb4 49. a5 Ra4 50. a6 Rxa6 0-1

[Event "Challenge"]
[Site "http://www.queenalice.com/game.php?id=1180055"]
[Date "2013.5.9"]
[Round "-"]
[White "rnruiz"]
[Black "KLEOJ"]
[Result "0-1"]
[WhiteElo "1998"]
[BlackElo "2170"]

1. e4 e6 2. Nf3 d5 3. exd5 exd5 4. d4 Nf6 5. h3 Be7 6. Bb5+ c6 7. Bd3 O-O 8. O-O
Nbd7 9. Nc3 Re8 10. Be3 Bd6 11. a3 Ne4 12. Bd2 Qf6 13. Ne2 Nf8 14. Bxe4 dxe4 15.
Nh2 Qg6 16. Kh1 Ne6 17. Be3 f5 18. f4 exf3 19. Nxf3 f4 20. Bc1 Bd7 21. c3 Rad8
22. Qe1 Qh5 23. Qf2 g5 24. Neg1 Be7 25. Ne5 Bc8 26. g4 fxg3 27. Qxg3 Rf8 28. Be3
Ng7 29. Rf3 Rxf3 30. Nexf3 g4 31. Nh2 Bd6 32. Bf4 Qd5+ 33. Qg2 Qxg2+ 34. Kxg2
Bxf4 35. Nxg4 h5 36. Nf6+ Kh8 37. Rf1 Bd6 38. Ne4 Be6 39. Ng5 Bd5+ 40. N5f3 Rf8
41. Rf2 Nf5 42. Kf1 Ne3+ 43. Ke2 Nc4 44. Kf1 Bg3 45. Re2 h4 46. b3 Nxa3 47. c4
Bxf3 48. Nxf3 Rxf3+ 49. Kg2 Rxb3 50. c5 Rd3 51. Re8+ Kg7 52. Re7+ Kf6 53. Rxb7
Nb5 54. Rh7 Kg6 55. Rd7 Rxd4 56. Re7 Kf6 57. Rh7 Rd2+ 58. Kf3 Rc2 59. Rh6+ Ke5
60. Rxc6 Nd4+ 0-1

[Event "Challenge"]
[Site "http://www.queenalice.com/game.php?id=1181527"]
[Date "2013.5.15"]
[Round "-"]
[White "chuckvondra"]
[Black "rnruiz"]
[Result "1-0"]
[WhiteElo "2056"]
[BlackElo "2026"]

1. e4 e5 2. Nf3 d6 3. Bc4 h6 4. O-O Nf6 5. d3 Be7 6. Nc3 O-O 7. h3 Nc6 8. a3 a6
9. Be3 b5 10. Ba2 Bd7 11. Qd2 Nh7 12. Rad1 Kh8 13. d4 exd4 14. Nxd4 Nxd4 15.
Bxd4 Be6 16. Qxh6 Bf6 17. Bxf6 Qxf6 18. Qxf6 Nxf6 19. Bd5 Bxd5 20. exd5 Rae8 21.
Rfe1 Rxe1+ 22. Rxe1 Re8 23. Rxe8+ Nxe8 24. Ne4 Kh7 25. g4 Kg6 26. b3 Nf6 27.
Nxf6 Kxf6 28. f4 g5 29. fxg5+ Kxg5 30. Kf2 Kf4 31. Ke2 Kg3 32. Ke3 Kxh3 33. Kf4
Kh4 34. g5 Kh5 35. Kf5 Kh4 36. Kf6 Kg4 37. Kxf7 Kxg5 38. Ke7 Kf5 39. Kd7 Ke5 40.
Kxc7 Kxd5 41. Kb6 Kd4 42. Kxa6 Kc5 43. c3 d5 44. Ka5 Kc6 45. b4 Kd6 46. Kxb5 Ke5
47. Kc5 Ke4 48. b5 1-0

[Event "OS INCLIVEIS"]
[Site "http://www.queenalice.com/game.php?id=1193603"]
[Date "2013.6.23"]
[Round "-"]
[White "adelio"]
[Black "rnruiz"]
[Result "0-1"]
[WhiteElo "1754"]
[BlackElo "1991"]

1. b4 e5 2. b5 d5 3. Bb2 Bd6 4. Nc3 Be6 5. d4 Nf6 6. e4 exd4 7. Qxd4 c5 8. Qd1
d4 9. Nce2 O-O 10. Ng3 Qa5+ 11. Qd2 Qc7 12. Nh3 Bxg3 13. hxg3 Nxe4 14. Qf4 Qa5+
15. Kd1 Nc3+ 16. Bxc3 Qxc3 17. Qc1 Nd7 18. Ng5 h6 19. Nxe6 fxe6 20. Bd3 Rxf2 21.
Rb1 Raf8 22. Rxh6 Ne5 23. Bh7+ Kf7 24. Rh1 Nc4 25. Qg5 Ne3+ 26. Qxe3 Qxe3 27.
Bg6+ Kxg6 28. Rh6+ gxh6 29. g4 Qd2# 0-1